| 000 | 00628nam a22002051i 4500 | ||
|---|---|---|---|
| 001 | 9316 | ||
| 090 | _a9316 | ||
| 010 | _a9788434500921 | ||
| 100 | _a20170304u u u0frey50 ba | ||
| 101 | 0 | _apor | |
| 200 | 1 |
_aO homem de Majapan _eas três irmãs |
|
| 215 |
_a[46] p. _cil. _d19 cm |
||
| 701 | 1 |
_aCapdevila _bRoser _4440 |
|
| 210 |
_cSalvat _d1999 |
||
| 225 | 2 |
_aA biblioteca de as três irmãs _v17 |
|
| 410 | 0 | _tA biblioteca de as três irmãs | |
| 676 | _a82-93 | ||
| 996 |
_f0010150 _k82E-3 CAP Inf _m00000000 _n00000000 _aBMVA _b1 _vViana do Alentejo _xLiteratura Infantil _y35 _eLivro _10 _31 |
||
| 610 | 0 | _aLiteratura+infantil | |
| 990 | _cLIVROS | ||